Geography Quiz

Random Geography or World Quiz

The World Without English Quiz Stats

 Plays Quiz Updated Jul 19, 2013

Challenge
Share
Tweet
Embed
Score 0/80 Timer 06:00
2 Plays Today
Nothing Nation % Correct
Top Ten Most Populous NationsChina
98.7%
Top Ten Nations by Amount Spent on ImportsChina
98.7%
Top Ten Most Populous NationsRussia
92.6%
Top Ten Nations by Amount Spent on ImportsRussia
92.6%
Top Ten Most Populous NationsBrazil
90.1%
Top Ten Most Populous NationsJapan
87.8%
Top Ten Nations by Amount Spent on ImportsJapan
87.8%
Top Ten Nations by Amount Spent on ImportsGermany
86.2%
Top Ten Nations by Amount Spent on ImportsFrance
85%
Top Ten Most Populous NationsMexico
79.2%
Top Ten Nations by Amount Spent on ImportsMexico
79.2%
First Ten Nations AlphabeticallyArgentina
79.1%
Top Ten Nations by Amount Spent on ImportsSpain
74.8%
Top Ten Nations by Education Expenditures (% of GDP)Sweden
73.9%
Top Ten Least Populous NationsVatican City
72.6%
Last Ten Nations AlphabeticallyVatican City
72.6%
Top Ten Most Populous NationsIndonesia
71.4%
Top Ten Nations by GDP Per CapitaNorway
70.4%
Top Ten Nations by Amount Spent on ImportsItaly
69.7%
First Ten Nations AlphabeticallyAfghanistan
66.1%
Top Ten Nations by Military Expenditures (% of GDP)Afghanistan
66.1%
Top Ten Least Populous NationsAndorra
66%
First Ten Nations AlphabeticallyAndorra
66%
Top Ten Nations by Amount Spent on ImportsSouth Korea
66%
Top Ten Most Populous NationsEgypt
65.5%
Top Ten Nations by Military Expenditures (% of GDP)Iraq
63.2%
Last Ten Nations AlphabeticallyYemen
62.2%
Top Ten Nations by Military Expenditures (% of GDP)Yemen
62.2%
First Ten Nations AlphabeticallyAlgeria
61.1%
Top Ten Least Populous NationsMonaco
60.8%
Top Ten Nations by GDP Per CapitaMonaco
60.8%
Top Ten Nations by Military Expenditures (% of GDP)Saudi Arabia
60.7%
Last Ten Nations AlphabeticallyTurkey
60.3%
Top Ten Nations by Education Expenditures (% of GDP)Denmark
58.6%
First Ten Nations AlphabeticallyAustria
58.5%
Top Ten Nations by GDP Per CapitaAustria
58.5%
Top Ten Most Populous NationsVietnam
57.8%
Last Ten Nations AlphabeticallyVietnam
57.8%
First Ten Nations AlphabeticallyAlbania
57.8%
Top Ten Least Populous NationsLuxembourg
56%
Nothing Nation % Correct
Top Ten Nations by GDP Per CapitaLuxembourg
56%
Last Ten Nations AlphabeticallyVenezuela
55.1%
Last Ten Nations AlphabeticallyUnited Arab Emirates
53.7%
Top Ten Nations by GDP Per CapitaUnited Arab Emirates
53.7%
Top Ten Nations by Military Expenditures (% of GDP)United Arab Emirates
53.7%
Top Ten Least Populous NationsLiechtenstein
53%
Top Ten Nations by GDP Per CapitaLiechtenstein
53%
Top Ten Nations by GDP Per CapitaSwitzerland
52.5%
Top Ten Least Populous NationsSan Marino
51.7%
First Ten Nations AlphabeticallyArmenia
50.8%
First Ten Nations AlphabeticallyAzerbaijan
50.3%
Last Ten Nations AlphabeticallyUkraine
48.5%
Top Ten Nations by GDP Per CapitaNetherlands
47.6%
Top Ten Nations by Amount Spent on ImportsNetherlands
47.6%
Top Ten Nations by Military Expenditures (% of GDP)Israel
46.9%
Last Ten Nations AlphabeticallyUruguay
45.4%
Top Ten Least Populous NationsIceland
44%
Top Ten Nations by Education Expenditures (% of GDP)Iceland
44%
Top Ten Nations by GDP Per CapitaQatar
43.7%
Top Ten Nations by Military Expenditures (% of GDP)Qatar
43.7%
First Ten Nations AlphabeticallyAngola
43.3%
Top Ten Most Populous NationsBangladesh
43.2%
Last Ten Nations AlphabeticallyUzbekistan
41.7%
First Ten Nations AlphabeticallyBahrain
40.7%
Top Ten Nations by Military Expenditures (% of GDP)Oman
39.9%
Top Ten Nations by Education Expenditures (% of GDP)Cuba
33.3%
Last Ten Nations AlphabeticallyTurkmenistan
33%
Top Ten Most Populous NationsEthiopia
28.9%
Top Ten Nations by Military Expenditures (% of GDP)Jordan
28.3%
Top Ten Nations by Education Expenditures (% of GDP)Cyprus
21.4%
Top Ten Nations by Education Expenditures (% of GDP)Bolivia
21.3%
Top Ten Least Populous NationsBrunei
21.1%
Top Ten Nations by GDP Per CapitaBrunei
21.1%
Top Ten Least Populous NationsMaldives
17.7%
Top Ten Nations by Education Expenditures (% of GDP)Comoros
14.7%
Top Ten Least Populous NationsSão Tomé and Príncipe
13.3%
Top Ten Nations by Education Expenditures (% of GDP)Timor-Leste
12.3%
Top Ten Nations by Education Expenditures (% of GDP)Djibouti
9.9%
Top Ten Nations by Education Expenditures (% of GDP)Moldova
9.8%
Top Ten Nations by Military Expenditures (% of GDP)Macedonia
8.2%

You're not logged in!

Compare scores with friends on all Sporcle quizzes.
OR
Log In

You Might Also Like...

Show Comments

Extras

Top Quizzes Today


Score Distribution

Your Account Isn't Verified!

In order to create a playlist on Sporcle, you need to verify the email address you used during registration. Go to your Sporcle Settings to finish the process.

Report this User

Report this user for behavior that violates our Community Guidelines.

Details: